[Event "arco2023"]
[Site "?"]
[Date "2023.10.08"]
[Round "2.11"]
[White "DE SANTIS, Alessio"]
[Black "MASTRODDI, Emiliano"]
[Result "1-0"]
[BlackElo "1945"]
[WhiteElo "2181"]
[LiveChessVersion "1.4.8"]

1. b3 {[%clk 1:29:25]} Nf6 {[%clk 1:30:47]} 2. Bb2 {[%clk 1:29:49]} g6
{[%clk 1:31:14]} 3. e4 {[%clk 1:29:51]} d6 {[%clk 1:31:38]} 4. g3
{[%clk 1:29:42]} Bg7 {[%clk 1:32:02]} 5. Bg2 {[%clk 1:30:05]} c5 {[%clk 1:32:19]}
6. Ne2 {[%clk 1:30:02]} Nc6 {[%clk 1:31:47]} 7. O-O {[%clk 1:29:43]} e5
{[%clk 1:29:58]} 8. c4 {[%clk 1:13:35]} O-O {[%clk 1:26:20]} 9. d3
{[%clk 1:12:19]} Be6 {[%clk 1:09:38]} 10. h3 {[%clk 1:10:48]} Qd7
{[%clk 1:01:41]} 11. Kh2 {[%clk 1:11:09]} Ne8 {[%clk 1:01:35]} 12. Nbc3
{[%clk 1:10:04]} f5 {[%clk 0:46:47]} 13. exf5 {[%clk 1:09:48]} gxf5
{[%clk 0:46:26]} 14. Nd5 {[%clk 1:05:19]} Nf6 {[%clk 0:45:13]} 15. f4
{[%clk 0:40:56]} Ne7 {[%clk 0:25:19]} 16. Nxe7+ {[%clk 0:34:50]} Qxe7
{[%clk 0:25:43]} 17. Qd2 {[%clk 0:31:59]} Qd7 {[%clk 0:18:50]} 18. Rae1
{[%clk 0:31:34]} Rae8 {[%clk 0:16:07]} 19. fxe5 {[%clk 0:17:03]} dxe5
{[%clk 0:16:20]} 20. Bxe5 {[%clk 0:16:39]} Ng4+ {[%clk 0:14:20]} 21. hxg4
{[%clk 0:17:03]} Bxe5 {[%clk 0:14:47]} 22. Nf4 {[%clk 0:16:22]} Bf7
{[%clk 0:10:28]} 23. gxf5 {[%clk 0:11:02]} Qxf5 {[%clk 0:09:36]} 24. Nh3
{[%clk 0:06:57]} Qg6 {[%clk 0:09:01]} 25. Qg5 {[%clk 0:07:18]} Bc3
{[%clk 0:06:40]} 26. Rxe8 {[%clk 0:06:25]} Rxe8 {[%clk 0:06:19]} 27. Be4
{[%clk 0:06:20]} Qxg5 {[%clk 0:04:33]} 28. Nxg5 {[%clk 0:06:44]} Bg6
{[%clk 0:04:51]} 29. Kh3 {[%clk 0:05:48]} Bxe4 {[%clk 0:03:45]} 30. Nxe4
{[%clk 0:06:08]} Bd4 {[%clk 0:04:08]} 31. Kg4 {[%clk 0:05:22]} Re7
{[%clk 0:03:19]} 32. Rf5 {[%clk 0:05:40]} b6 {[%clk 0:03:03]} 33. Rd5
{[%clk 0:03:49]} Bb2 {[%clk 0:01:39]} 34. Kf5 {[%clk 0:02:11]} Kf7
{[%clk 0:00:55]} 35. Nd6+ {[%clk 0:01:39]} Kg7 {[%clk 0:01:02]} 36. Nc8
{[%clk 0:01:00]} Rc7 {[%clk 0:00:42]} 37. Nd6 {[%clk 0:01:09]} Re7
{[%clk 0:01:11]} 38. Ne4 {[%clk 0:01:26]} Bd4 {[%clk 0:01:08]} 39. Rd6
{[%clk 0:00:51]} Re5+ {[%clk 0:00:52]} 40. Kg4 {[%clk 0:00:43]} Re7
{[%clk 0:00:56]} 41. Ng5 {[%clk 0:00:43]} Bb2 {[%clk 0:30:21]} 42. Ne6+
{[%clk 0:29:50]} Kf7 {[%clk 0:19:52]} 43. Kf5 {[%clk 0:29:17]} Bc3
{[%clk 0:15:47]} 44. Rc6 {[%clk 0:26:47]} Be1 {[%clk 0:14:09]} 45. Ng5+
{[%clk 0:27:06]} Kg7 {[%clk 0:11:35]} 46. Re6 {[%clk 0:27:07]} Rxe6
{[%clk 0:08:11]} 47. Nxe6+ {[%clk 0:27:32]} Kf7 {[%clk 0:08:39]} 48. g4
{[%clk 0:27:14]} Ke7 {[%clk 0:08:36]} 49. Ng5 {[%clk 0:27:30]} h6
{[%clk 0:08:50]} 50. Ne4 {[%clk 0:27:38]} 1-0

[Event "arco2023"]
[Site "?"]
[Date "2023.10.08"]
[Round "2.12"]
[White "DOERR, Tarik"]
[Black "LUCIANI, Carlo"]
[Result "1/2-1/2"]
[BlackElo "2172"]
[WhiteElo "1969"]
[LiveChessVersion "1.4.8"]

1. e4 {[%clk 1:30:57]} e5 {[%clk 1:30:50]} 2. Nf3 {[%clk 1:31:23]} Nc6
{[%clk 1:31:11]} 3. Bc4 {[%clk 1:31:48]} Bc5 {[%clk 1:31:24]} 4. c3
{[%clk 1:32:10]} Nf6 {[%clk 1:31:36]} 5. d4 {[%clk 1:32:34]} exd4
{[%clk 1:31:45]} 6. e5 {[%clk 1:32:58]} d5 {[%clk 1:31:09]} 7. Bb5
{[%clk 1:33:22]} Ne4 {[%clk 1:31:13]} 8. cxd4 {[%clk 1:33:45]} Bb4+
{[%clk 1:29:27]} 9. Nbd2 {[%clk 1:33:59]} Bd7 {[%clk 1:28:04]} 10. a4
{[%clk 1:29:04]} a6 {[%clk 1:14:09]} 11. Be2 {[%clk 1:27:18]} O-O
{[%clk 1:09:38]} 12. h3 {[%clk 1:20:30]} f6 {[%clk 1:01:05]} 13. O-O
{[%clk 1:20:07]} Be6 {[%clk 0:56:06]} 14. Qc2 {[%clk 1:06:30]} Bxd2
{[%clk 0:42:51]} 15. Bxd2 {[%clk 1:06:36]} fxe5 {[%clk 0:42:07]} 16. dxe5
{[%clk 1:05:49]} Qe8 {[%clk 0:40:53]} 17. b4 {[%clk 0:54:24]} Rxf3
{[%clk 0:29:43]} 18. Bxf3 {[%clk 0:51:35]} Nd4 {[%clk 0:29:55]} 19. Bxe4
{[%clk 0:49:11]} Nxc2 {[%clk 0:29:09]} 20. Bxc2 {[%clk 0:49:35]} Qd7
{[%clk 0:24:34]} 21. Be3 {[%clk 0:39:12]} Bf5 {[%clk 0:18:50]} 22. Bb3
{[%clk 0:39:32]} Qe6 {[%clk 0:18:06]} 23. Rfd1 {[%clk 0:35:34]} c6
{[%clk 0:17:52]} 24. Bd4 {[%clk 0:35:30]} Qg6 {[%clk 0:16:51]} 25. Ra3
{[%clk 0:30:55]} Bc2 {[%clk 0:16:26]} 26. Rd2 {[%clk 0:31:14]} Bxb3
{[%clk 0:16:16]} 27. Rxb3 {[%clk 0:31:40]} Qe4 {[%clk 0:15:17]} 28. Kf1
{[%clk 0:28:49]} Rf8 {[%clk 0:14:30]} 29. f3 {[%clk 0:21:10]} Qf4
{[%clk 0:11:11]} 30. Ke2 {[%clk 0:20:01]} Re8 {[%clk 0:10:47]} 31. Re3
{[%clk 0:19:11]} Re6 {[%clk 0:10:54]} 32. Kd1 {[%clk 0:17:04]} a5
{[%clk 0:06:23]} 33. Rb3 {[%clk 0:16:25]} axb4 {[%clk 0:04:54]} 34. Rxb4
{[%clk 0:16:49]} Qf7 {[%clk 0:04:26]} 35. Rdb2 {[%clk 0:17:02]} Re7
{[%clk 0:04:33]} 36. Bc5 {[%clk 0:17:14]} Rd7 {[%clk 0:04:48]} 37. f4
{[%clk 0:07:17]} Qf5 {[%clk 0:04:28]} 38. R2b3 {[%clk 0:07:39]} h5
{[%clk 0:04:19]} 39. Rd4 {[%clk 0:05:38]} h4 {[%clk 0:03:51]} 40. Kc1
{[%clk 0:05:55]} Kf7 {[%clk 0:03:44]} 41. g4 {[%clk 0:05:34]} hxg3
{[%clk 0:02:57]} 42. Rxg3 {[%clk 0:05:30]} Ke6 {[%clk 0:01:25]} 43. a5
{[%clk 0:01:34]} Rf7 {[%clk 0:27:59]} 44. Rb4 {[%clk 0:28:37]} Qh7
{[%clk 0:20:05]} 45. h4 {[%clk 0:28:27]} g6 {[%clk 0:16:02]} 46. Kd2
{[%clk 0:20:40]} Rf5 {[%clk 0:13:39]} 47. Ke3 {[%clk 0:20:14]} Qxh4
{[%clk 0:10:34]} 48. Rxg6+ {[%clk 0:19:54]} Kf7 {[%clk 0:10:48]} 49. Rg1
{[%clk 0:18:18]} Qh3+ {[%clk 0:10:10]} 50. Kd2 {[%clk 0:16:25]} Qh2+
{[%clk 0:09:38]} 51. Ke1 {[%clk 0:16:45]} Qh4+ {[%clk 0:08:52]} 52. Ke2
{[%clk 0:15:32]} Qh2+ {[%clk 0:06:56]} 53. Ke1 {[%clk 0:15:44]} 1/2-1/2

[Event "arco2023"]
[Site "?"]
[Date "2023.10.08"]
[Round "2.13"]
[White "MORIN, Yves"]
[Black "BLUEBAUM, Johanna"]
[Result "1/2-1/2"]
[BlackElo "1944"]
[WhiteElo "2169"]
[LiveChessVersion "1.4.8"]

1. Nf3 {[%clk 1:30:40]} d5 {[%clk 1:30:45]} 2. d3 {[%clk 1:30:54]} Nf6
{[%clk 1:30:52]} 3. Bg5 {[%clk 1:31:13]} e6 {[%clk 1:31:00]} 4. Nbd2
{[%clk 1:30:45]} h6 {[%clk 1:30:37]} 5. Bh4 {[%clk 1:30:29]} c5 {[%clk 1:28:53]}
6. c3 {[%clk 1:26:20]} Nc6 {[%clk 1:28:38]} 7. e4 {[%clk 1:26:06]} Be7
{[%clk 1:27:22]} 8. Be2 {[%clk 1:13:34]} O-O {[%clk 1:25:36]} 9. O-O
{[%clk 1:10:04]} b6 {[%clk 1:21:08]} 10. a3 {[%clk 1:04:19]} Bb7 {[%clk 1:19:04]}
11. e5 {[%clk 1:01:52]} Nd7 {[%clk 1:19:10]} 12. Bxe7 {[%clk 1:02:08]} Qxe7
{[%clk 1:18:06]} 13. d4 {[%clk 1:01:37]} f6 {[%clk 1:16:15]} 14. exf6
{[%clk 0:47:05]} Qxf6 {[%clk 1:15:49]} 15. Bb5 {[%clk 0:42:05]} a6
{[%clk 1:14:32]} 16. Bxc6 {[%clk 0:41:05]} Bxc6 {[%clk 1:14:56]} 17. a4
{[%clk 0:32:10]} e5 {[%clk 1:09:21]} 18. dxe5 {[%clk 0:25:09]} Nxe5
{[%clk 1:08:54]} 19. Nxe5 {[%clk 0:23:07]} Qxe5 {[%clk 1:09:16]} 20. Qe1
{[%clk 0:10:53]} Qd6 {[%clk 1:05:51]} 21. f3 {[%clk 0:09:40]} Rae8
{[%clk 1:05:32]} 22. Qf2 {[%clk 0:09:33]} Qf4 {[%clk 1:02:58]} 23. Rfe1
{[%clk 0:04:54]} Qf5 {[%clk 0:58:08]} 24. a5 {[%clk 0:04:24]} bxa5
{[%clk 0:55:20]} 25. Nb3 {[%clk 0:03:36]} a4 {[%clk 0:54:02]} 26. Nxc5
{[%clk 0:03:41]} Bb5 {[%clk 0:50:27]} 27. h3 {[%clk 0:02:25]} Qg6
{[%clk 0:46:19]} 28. Rad1 {[%clk 0:02:23]} Rxe1+ {[%clk 0:44:43]} 29. Rxe1
{[%clk 0:02:48]} Re8 {[%clk 0:44:20]} 30. Rxe8+ {[%clk 0:02:12]} Qxe8
{[%clk 0:44:19]} 31. Qd2 {[%clk 0:02:00]} Bc4 {[%clk 0:44:05]} 32. Kh2
{[%clk 0:01:52]} Qe5+ {[%clk 0:43:38]} 33. f4 {[%clk 0:02:02]} Qe8
{[%clk 0:42:29]} 34. Qf2 {[%clk 0:02:15]} Kh8 {[%clk 0:38:39]} 35. Qd2
{[%clk 0:01:17]} Kg8 {[%clk 0:37:49]} 36. Qd4 {[%clk 0:01:07]} Kf7
{[%clk 0:36:08]} 37. Qf2 {[%clk 0:01:09]} Qc6 {[%clk 0:33:55]} 38. Qe3
{[%clk 0:01:04]} Qb6 {[%clk 0:33:25]} 39. Kg3 {[%clk 0:00:45]} Qg6+
{[%clk 0:31:29]} 40. Kh2 {[%clk 0:01:04]} Qb6 {[%clk 0:31:18]} 41. Kh1
{[%clk 0:01:10]} a5 {[%clk 0:28:59]} 42. f5 {[%clk 0:01:01]} Qf6 {[%clk 0:25:48]}
43. g4 {[%clk 0:01:07]} Bb5 {[%clk 0:22:53]} 44. Ne6 {[%clk 0:00:38]} Bd7
{[%clk 0:21:53]} 45. Nd4 {[%clk 0:00:59]} Qd6 {[%clk 0:19:53]} 46. Kg2
{[%clk 0:01:11]} a3 {[%clk 0:19:43]} 47. bxa3 {[%clk 0:00:56]} Qxa3
{[%clk 0:19:51]} 48. Kg3 {[%clk 0:01:01]} Qd6+ {[%clk 0:19:50]} 49. Kg2
{[%clk 0:01:20]} a4 {[%clk 0:19:40]} 50. Nf3 {[%clk 0:01:13]} Kg8
{[%clk 0:19:00]} 51. Qa7 {[%clk 0:28:01]} a3 {[%clk 0:45:15]} 52. Nd4
{[%clk 0:24:03]} Qe7 {[%clk 0:44:30]} 53. Qa8+ {[%clk 0:18:38]} Kh7
{[%clk 0:44:51]} 54. Qa7 {[%clk 0:17:27]} Qe4+ {[%clk 0:44:54]} 55. Kf2
{[%clk 0:13:36]} Qf4+ {[%clk 0:43:50]} 56. Nf3 {[%clk 0:13:21]} Qd6
{[%clk 0:43:33]} 57. Kg2 {[%clk 0:12:07]} Qe7 {[%clk 0:41:22]} 58. Kf2
{[%clk 0:11:33]} Qd6 {[%clk 0:40:13]} 59. Kg2 {[%clk 0:09:54]} Be8
{[%clk 0:40:22]} 60. Nd4 {[%clk 0:07:25]} Kg8 {[%clk 0:37:09]} 61. Ne6
{[%clk 0:06:18]} Bd7 {[%clk 0:36:06]} 62. Nd4 1/2-1/2

[Event "arco2023"]
[Site "?"]
[Date "2023.10.08"]
[Round "2.14"]
[White "DEUBELBEISS, Rene"]
[Black "ZENKER, Ulrich"]
[Result "1/2-1/2"]
[BlackElo "2160"]
[WhiteElo "1962"]
[LiveChessVersion "1.4.8"]

1. c4 {[%clk 1:30:58]} e5 {[%clk 1:30:43]} 2. g3 {[%clk 1:31:20]} Nc6
{[%clk 1:31:04]} 3. Bg2 {[%clk 1:31:36]} g6 {[%clk 1:31:26]} 4. Nc3
{[%clk 1:31:41]} Bg7 {[%clk 1:31:51]} 5. e4 {[%clk 1:30:12]} Nd4 {[%clk 1:31:08]}
6. Nge2 {[%clk 1:30:16]} Nxe2 {[%clk 1:31:30]} 7. Nxe2 {[%clk 1:28:23]} Ne7
{[%clk 1:31:53]} 8. d4 {[%clk 1:25:30]} d6 {[%clk 1:28:59]} 9. dxe5
{[%clk 1:18:52]} dxe5 {[%clk 1:29:21]} 10. Qxd8+ {[%clk 1:19:07]} Kxd8
{[%clk 1:29:47]} 11. Bg5 {[%clk 1:16:16]} h6 {[%clk 1:26:36]} 12. O-O-O+
{[%clk 1:12:17]} Ke8 {[%clk 1:24:38]} 13. Be3 {[%clk 1:12:32]} Be6
{[%clk 1:14:51]} 14. b3 {[%clk 1:11:51]} c6 {[%clk 1:10:14]} 15. Nc3
{[%clk 1:06:35]} b6 {[%clk 1:06:37]} 16. Rd6 {[%clk 1:02:47]} Rd8
{[%clk 1:07:01]} 17. Rhd1 {[%clk 1:02:57]} Rxd6 {[%clk 1:07:23]} 18. Rxd6
{[%clk 1:03:21]} Bd7 {[%clk 1:05:08]} 19. a4 {[%clk 1:01:28]} Nc8
{[%clk 1:04:19]} 20. Rd2 {[%clk 0:50:52]} Bf8 {[%clk 1:04:00]} 21. f4
{[%clk 0:49:10]} Bb4 {[%clk 0:56:50]} 22. Kc2 {[%clk 0:49:12]} f6
{[%clk 0:56:50]} 23. Rf2 {[%clk 0:47:43]} Be7 {[%clk 0:54:02]} 24. Rf1
{[%clk 0:42:58]} g5 {[%clk 0:52:47]} 25. f5 {[%clk 0:38:57]} 1/2-1/2

[Event "arco2023"]
[Site "?"]
[Date "2023.10.08"]
[Round "2.15"]
[White "HIRZEL, Cedric"]
[Black "VOLL, Oddvar U"]
[Result "1/2-1/2"]
[BlackElo "1931"]
[WhiteElo "2160"]
[LiveChessVersion "1.4.8"]

1. d4 {[%clk 1:30:38]} Nf6 {[%clk 1:30:39]} 2. c4 {[%clk 1:29:13]} c5
{[%clk 1:30:11]} 3. d5 {[%clk 1:29:37]} b5 {[%clk 1:30:16]} 4. cxb5
{[%clk 1:29:58]} a6 {[%clk 1:30:39]} 5. e3 {[%clk 1:30:05]} g6 {[%clk 1:27:35]}
6. Nc3 {[%clk 1:30:26]} d6 {[%clk 1:25:06]} 7. Nf3 {[%clk 1:29:04]} Bg7
{[%clk 1:25:01]} 8. a4 {[%clk 1:26:40]} O-O {[%clk 1:21:27]} 9. Ra3
{[%clk 1:05:10]} Nfd7 {[%clk 1:11:40]} 10. Qb3 {[%clk 0:44:01]} axb5
{[%clk 1:08:47]} 11. axb5 {[%clk 0:37:17]} Nb6 {[%clk 1:08:54]} 12. Rxa8
{[%clk 0:37:20]} Nxa8 {[%clk 1:09:18]} 13. Be2 {[%clk 0:37:14]} Nb6
{[%clk 1:08:13]} 14. O-O {[%clk 0:37:08]} Bg4 {[%clk 1:02:29]} 15. e4
{[%clk 0:35:04]} N8d7 {[%clk 0:46:24]} 16. Be3 {[%clk 0:35:14]} Qc7
{[%clk 0:45:48]} 17. h3 {[%clk 0:31:07]} Bxf3 {[%clk 0:45:39]} 18. Bxf3
{[%clk 0:31:10]} Ra8 {[%clk 0:42:59]} 19. Be2 {[%clk 0:26:42]} Ra5
{[%clk 0:42:04]} 20. Rc1 {[%clk 0:26:15]} Qa7 {[%clk 0:42:21]} 21. Qd1
{[%clk 0:24:37]} Qa8 {[%clk 0:38:58]} 22. Bg5 {[%clk 0:20:11]} Bf8
{[%clk 0:35:31]} 23. Qd2 {[%clk 0:19:39]} Ra1 {[%clk 0:35:22]} 24. Kh2
{[%clk 0:19:33]} Rxc1 {[%clk 0:33:52]} 25. Qxc1 {[%clk 0:20:01]} Qa5
{[%clk 0:33:56]} 26. b3 {[%clk 0:15:30]} Bg7 {[%clk 0:26:12]} 27. Bd2
{[%clk 0:15:56]} Qb4 {[%clk 0:26:17]} 28. Qc2 {[%clk 0:14:49]} c4
{[%clk 0:24:49]} 29. bxc4 {[%clk 0:15:01]} Nxc4 {[%clk 0:24:57]} 30. Nb1
{[%clk 0:10:23]} Nxd2 {[%clk 0:24:43]} 31. Nxd2 {[%clk 0:10:48]} Nc5
{[%clk 0:14:22]} 32. g3 {[%clk 0:10:26]} Bc3 {[%clk 0:12:05]} 33. Nc4
{[%clk 0:09:51]} Bd4 {[%clk 0:11:40]} 34. Kg2 {[%clk 0:08:58]} Nd7
{[%clk 0:10:57]} 35. Qa2 {[%clk 0:05:58]} Nb6 {[%clk 0:10:13]} 36. Na5
{[%clk 0:00:52]} Qe1 {[%clk 0:09:05]} 37. Bf3 {[%clk 0:00:50]} Bxf2
{[%clk 0:09:02]} 38. Qxf2 {[%clk 0:01:15]} Qxa5 {[%clk 0:09:21]} 39. Be2
{[%clk 0:01:06]} Qa7 {[%clk 0:07:11]} 40. Qd4 {[%clk 0:00:44]} Qc7
{[%clk 0:07:31]} 41. h4 {[%clk 0:27:56]} h5 {[%clk 0:26:04]} 1/2-1/2

[Event "arco2023"]
[Site "?"]
[Date "2023.10.08"]
[Round "2.16"]
[White "SIPOS, Stefania"]
[Black "SCHNEIDER, Heiko"]
[Result "1/2-1/2"]
[BlackElo "2158"]
[WhiteElo "1953"]
[LiveChessVersion "1.4.8"]

1. e4 {[%clk 1:30:58]} c5 {[%clk 1:30:59]} 2. Nf3 {[%clk 1:31:17]} d6
{[%clk 1:31:27]} 3. d4 {[%clk 1:31:40]} cxd4 {[%clk 1:31:55]} 4. Nxd4
{[%clk 1:32:04]} Nf6 {[%clk 1:32:22]} 5. Nc3 {[%clk 1:32:26]} a6 {[%clk 1:32:51]}
6. f3 {[%clk 1:32:38]} e5 {[%clk 1:33:15]} 7. Nb3 {[%clk 1:33:04]} Be6
{[%clk 1:33:03]} 8. Be3 {[%clk 1:33:23]} h5 {[%clk 1:33:27]} 9. Qd2
{[%clk 1:33:27]} Nbd7 {[%clk 1:33:21]} 10. Nd5 {[%clk 1:33:40]} Bxd5
{[%clk 1:33:23]} 11. exd5 {[%clk 1:34:03]} Rc8 {[%clk 1:29:17]} 12. O-O-O
{[%clk 1:32:22]} g6 {[%clk 1:28:00]} 13. Kb1 {[%clk 1:31:17]} b5 {[%clk 1:14:35]}
14. Na5 {[%clk 1:24:00]} Nb6 {[%clk 1:08:07]} 15. Bg5 {[%clk 1:15:27]} Bg7
{[%clk 1:03:25]} 16. Nc6 {[%clk 0:48:21]} Qc7 {[%clk 0:58:36]} 17. Bxf6
{[%clk 0:47:12]} Bxf6 {[%clk 0:59:04]} 18. c3 {[%clk 0:45:56]} Qd7
{[%clk 0:37:15]} 19. Bd3 {[%clk 0:25:21]} Nxd5 {[%clk 0:23:44]} 20. Be4
{[%clk 0:24:47]} Rxc6 {[%clk 0:21:43]} 21. Bxd5 {[%clk 0:22:11]} Rc5
{[%clk 0:19:24]} 22. Qe2 {[%clk 0:15:37]} Kf8 {[%clk 0:18:20]} 23. Rhf1
{[%clk 0:13:28]} Kg7 {[%clk 0:11:50]} 24. f4 {[%clk 0:13:00]} Rf8
{[%clk 0:10:12]} 25. h3 {[%clk 0:05:40]} h4 {[%clk 0:07:53]} 26. fxe5
{[%clk 0:04:07]} Bxe5 {[%clk 0:08:21]} 27. Qf2 {[%clk 0:03:59]} Qe7
{[%clk 0:07:15]} 28. Qf3 {[%clk 0:02:35]} Qg5 {[%clk 0:06:56]} 29. Qe4
{[%clk 0:00:47]} a5 {[%clk 0:05:45]} 30. Rf3 {[%clk 0:00:54]} f5 {[%clk 0:05:58]}
31. Qd3 {[%clk 0:00:41]} a4 {[%clk 0:05:40]} 32. a3 {[%clk 0:00:44]} Re8
{[%clk 0:04:03]} 33. Rff1 {[%clk 0:00:42]} Qg3 {[%clk 0:03:24]} 34. Bf3
{[%clk 0:00:38]} Rec8 {[%clk 0:02:58]} 35. Rc1 {[%clk 0:00:40]} R8c7
{[%clk 0:03:13]} 36. Qe2 {[%clk 0:00:43]} Qg5 {[%clk 0:02:49]} 37. Qd3
{[%clk 0:00:33]} Bf4 {[%clk 0:02:31]} 38. Rce1 {[%clk 0:00:45]} Qf6
{[%clk 0:02:42]} 39. Bd5 {[%clk 0:00:39]} Be5 {[%clk 0:01:49]} 40. Rc1
{[%clk 0:00:47]} Qg5 {[%clk 0:01:19]} 41. Rce1 {[%clk 0:20:26]} Re7
{[%clk 0:28:45]} 42. Ba2 {[%clk 0:06:55]} Kh7 {[%clk 0:23:26]} 43. Qf3
{[%clk 0:04:56]} Bg7 {[%clk 0:14:15]} 44. Rxe7 {[%clk 0:02:21]} Qxe7
{[%clk 0:14:42]} 45. Bd5 {[%clk 0:01:37]} Qe5 {[%clk 0:14:36]} 46. Rd1
{[%clk 0:01:49]} Bh6 {[%clk 0:06:55]} 47. Qd3 {[%clk 0:01:22]} Qe3
{[%clk 0:06:57]} 48. Qxe3 {[%clk 0:01:28]} Bxe3 {[%clk 0:07:25]} 49. Bf3
{[%clk 0:01:01]} Bf4 {[%clk 0:07:22]} 50. Rd5 {[%clk 0:01:07]} g5
{[%clk 0:03:31]} 1/2-1/2

[Event "arco2023"]
[Site "?"]
[Date "2023.10.08"]
[Round "2.17"]
[White "ZAYED, Ali Al-Hamed"]
[Black "VEZZOSI, Paolo"]
[Result "1-0"]
[BlackElo "2154"]
[WhiteElo "1949"]
[LiveChessVersion "1.4.8"]

1. d4 {[%clk 1:30:56]} f5 {[%clk 1:30:48]} 2. e4 {[%clk 1:28:20]} fxe4
{[%clk 1:31:11]} 3. Nc3 {[%clk 1:28:45]} Nf6 {[%clk 1:31:22]} 4. Bg5
{[%clk 1:29:06]} Nc6 {[%clk 1:31:42]} 5. d5 {[%clk 1:28:48]} Ne5 {[%clk 1:32:05]}
6. Qd4 {[%clk 1:24:56]} Nf7 {[%clk 1:32:20]} 7. h4 {[%clk 1:24:19]} c6
{[%clk 1:14:13]} 8. O-O-O {[%clk 1:22:56]} Qb6 {[%clk 1:10:25]} 9. Bxf6
{[%clk 1:21:54]} gxf6 {[%clk 1:10:01]} 10. Qxe4 {[%clk 1:19:30]} Qxf2
{[%clk 1:04:33]} 11. Nf3 {[%clk 1:14:25]} Bh6+ {[%clk 1:03:42]} 12. Kb1
{[%clk 1:14:48]} Qe3 {[%clk 1:02:47]} 13. Qg4 {[%clk 1:04:19]} Qf4
{[%clk 1:01:55]} 14. Qh5 {[%clk 1:04:29]} d6 {[%clk 0:58:22]} 15. dxc6
{[%clk 0:57:14]} bxc6 {[%clk 0:58:30]} 16. Qa5 {[%clk 0:56:56]} Bd7
{[%clk 0:42:23]} 17. Bd3 {[%clk 0:54:22]} Rb8 {[%clk 0:39:38]} 18. a3
{[%clk 0:52:35]} O-O {[%clk 0:37:05]} 19. Rdf1 {[%clk 0:50:33]} Qg4
{[%clk 0:30:50]} 20. Re1 {[%clk 0:38:46]} e5 {[%clk 0:27:54]} 21. Ne4
{[%clk 0:37:09]} Qe6 {[%clk 0:23:25]} 22. g4 {[%clk 0:37:14]} Bg7
{[%clk 0:22:13]} 23. Ng3 {[%clk 0:25:22]} Qxg4 {[%clk 0:19:19]} 24. Rhg1
{[%clk 0:23:19]} Qxf3 {[%clk 0:15:03]} 25. Qxa7 {[%clk 0:21:41]} Bg4
{[%clk 0:10:53]} 26. Ne4 {[%clk 0:14:52]} f5 {[%clk 0:09:17]} 27. Ref1
{[%clk 0:14:34]} Ra8 {[%clk 0:07:11]} 28. Qb6 {[%clk 0:11:31]} Rfb8
{[%clk 0:07:12]} 29. Qc7 {[%clk 0:08:30]} fxe4 {[%clk 0:03:27]} 30. Rxf3
{[%clk 0:08:15]} Bxf3 {[%clk 0:03:55]} 31. Bc4 {[%clk 0:07:38]} d5
{[%clk 0:04:20]} 32. Qxc6 {[%clk 0:07:44]} 1-0

[Event "arco2023"]
[Site "?"]
[Date "2023.10.08"]
[Round "2.18"]
[White "STEADMAN, Michael V R"]
[Black "DIOTALLEVI, Maurizio"]
[Result "1/2-1/2"]
[BlackElo "1923"]
[WhiteElo "2114"]
[LiveChessVersion "1.4.8"]

1. e4 {[%clk 1:30:56]} d6 {[%clk 1:30:11]} 2. d4 {[%clk 1:31:06]} Nf6
{[%clk 1:30:31]} 3. Nc3 {[%clk 1:31:27]} c6 {[%clk 1:30:41]} 4. f3
{[%clk 1:29:14]} Nbd7 {[%clk 1:29:06]} 5. Bg5 {[%clk 1:25:29]} e5
{[%clk 1:28:55]} 6. Nge2 {[%clk 1:23:22]} Be7 {[%clk 1:29:11]} 7. Qd2
{[%clk 1:22:58]} Qc7 {[%clk 1:26:41]} 8. h4 {[%clk 1:18:47]} Nb6 {[%clk 1:17:27]}
9. b3 {[%clk 1:14:54]} Bd7 {[%clk 1:12:52]} 10. a4 {[%clk 1:11:29]} a5
{[%clk 1:07:22]} 11. h5 {[%clk 1:06:16]} Be6 {[%clk 1:03:14]} 12. Be3
{[%clk 1:01:41]} Bc8 {[%clk 0:56:37]} 13. g4 {[%clk 0:53:25]} Nfd7
{[%clk 0:50:56]} 14. d5 {[%clk 0:44:22]} Nf8 {[%clk 0:48:23]} 15. Ng3
{[%clk 0:42:54]} h6 {[%clk 0:42:06]} 16. Qf2 {[%clk 0:38:04]} Bd8
{[%clk 0:37:23]} 17. O-O-O {[%clk 0:35:37]} Nh7 {[%clk 0:35:18]} 18. Nf5
{[%clk 0:33:35]} Bxf5 {[%clk 0:31:41]} 19. gxf5 {[%clk 0:34:02]} f6
{[%clk 0:27:28]} 20. dxc6 {[%clk 0:32:45]} bxc6 {[%clk 0:27:46]} 21. Bxb6
{[%clk 0:33:13]} Qxb6 {[%clk 0:27:11]} 22. Qxb6 {[%clk 0:33:42]} Bxb6
{[%clk 0:27:30]} 23. Rxd6 {[%clk 0:34:11]} Be3+ {[%clk 0:24:03]} 24. Kb1
{[%clk 0:29:58]} Rc8 {[%clk 0:21:56]} 25. Bc4 {[%clk 0:23:48]} Ng5
{[%clk 0:22:11]} 26. Rhd1 {[%clk 0:23:48]} Bd4 {[%clk 0:21:26]} 27. Ne2
{[%clk 0:22:20]} Ke7 {[%clk 0:21:14]} 28. Re6+ {[%clk 0:19:41]} Nxe6
{[%clk 0:21:07]} 29. Bxe6 {[%clk 0:20:07]} Rcd8 {[%clk 0:20:23]} 30. Nxd4
{[%clk 0:20:30]} Rxd4 {[%clk 0:19:01]} 31. Rg1 {[%clk 0:14:00]} Kf8
{[%clk 0:16:52]} 32. Kc1 {[%clk 0:14:18]} Rd6 {[%clk 0:15:00]} 1/2-1/2